000
00226nam a2200097Ia 4500
008
190216s9999||||xx |||||||||||||| ||und||
100
_a
Nissim Ezekiel-Arthur Miller
245
0
_a
All My Sons
260
_b
Macmillan
942
_c
BK
999
_c
12607
_d
12607